Be Your Own Sunshine (Record no. 12236)

MARC details
000 -LEADER
fixed length control field 00342nam a22001457a 4500
003 - CONTROL NUMBER IDENTIFIER
control field OSt
008 - FIXED-LENGTH DATA ELEMENTS--GENERAL INFORMATION
fixed length control field 240223b |||||||| |||| 00| 0 eng d
020 ## - INTERNATIONAL STANDARD BOOK NUMBER
International Standard Book Number 9789387022850
100 ## - MAIN ENTRY--PERSONAL NAME
Personal name ALLEN,James
245 ## - TITLE STATEMENT
Title Be Your Own Sunshine
250 ## - EDITION STATEMENT
Edition statement 1st Ed
260 ## - PUBLICATION, DISTRIBUTION, ETC. (IMPRINT)
Place of publication, distribution, etc New Delhi
Name of publisher, distributor, etc fingerPrint Pubsishing
Date of publication, distribution, etc 2020
300 ## - PHYSICAL DESCRIPTION
Extent 150
942 ## - ADDED ENTRY ELEMENTS (KOHA)
Source of classification or shelving scheme Dewey Decimal Classification
Koha item type Text Books
Holdings
Withdrawn status Lost status Source of classification or shelving scheme Damaged status Not for loan Collection code Home library Current library Date acquired Source of acquisition Currency Cost, normal purchase price Bill Number Total Checkouts Full call number Acc. no. / Barcode Date last seen Actual Cost, discounted price Bill Date Koha item type Date last borrowed
    Dewey Decimal Classification     GENERAL PIET C-LIBRARY PIET C-LIBRARY 08/02/2024 Zafaa Books and Distributors In rupees 175.00 ZBD0370   158.1 ALJ 35521 23/02/2024 119.00 08/02/2024 Reference Books  
    Dewey Decimal Classification     GENERAL PIET C-LIBRARY PIET C-LIBRARY 08/02/2024 Zafaa Books and Distributors In rupees 175.00 ZBD0370 2 158.1 ALJ 35522 27/08/2024 119.00 08/02/2024 Text Books 09/08/2024

Design & Developed by: PIET Central Library
R70 Miles Stone Pattikalyana Samalkha Panipat 132102
mail ID :- [email protected], Phone No:- 0180-2569700 Ex.216